[Event "Monthey op 4th"]
[Site "Monthey"]
[Date "2013.10.05"]
[Round "2"]
[White "Dorsaz, Michel"]
[Black "Valles, Manuel"]
[Result "0-1"]
[WhiteElo "1898"]
[BlackElo "2336"]
[PlyCount "78"]
[EventDate "2013.10.04"]
[EventType "swiss"]
[EventRounds "7"]
[EventCountry "SUI"]
[SourceTitle "EXT 2017"]
[Source "ChessBase"]
[SourceDate "2016.10.25"]
[SourceVersion "1"]
[SourceVersionDate "2016.10.25"]
[SourceQuality "1"]

1. d4 Nf6 2. c4 g6 3. Nc3 Bg7 4. e4 d6 5. Nge2 Nbd7 6. g3 c5 7. Bg2 0-0 8. 0-0 a6 9. f3 cxd4 10. Nxd4 Qc7 11. b3 b5 12. Nd5 Nxd5 13. cxd5 Ne5 14. Be3 Qc3 15. Qc1 Qa5 16. Qe1 Qxe1 17. Raxe1 Bd7 18. Rc1 Rfc8 19. Rxc8+ Rxc8 20. Rc1 Rxc1+ 21. Bxc1 Nd3 22. Be3 Bxd4 23. Bxd4 Nc1 24. Be3 Nxa2 25. Bd2 b4 26. Bf1 a5 27. Bd3 e6 28. dxe6 Bxe6 29. Bc2 Kf8 30. Kf2 Ke7 31. Ke3 Kd7 32. Kd4 Kc6 33. f4 f5 34. e5 Bd5 35. h4 h5 36. Bd1 a4 37. bxa4 b3 38. a5 b2 39. Bc2 Be4 0-1